Kadra Belgii Na Euro 2020 - Statystyki

Ogólne statystyki
  • Ten quiz został rozwiązany 88 razy
  • Średni wynik to 14 z 26
Statystyki odpowiedzi
Hint Odpowiedź % Poprawnych
Napastnik Lukaku
95%
Pomocnik De Bruyne
94%
Pomocnik Hazard
92%
Pomocnik Hazard
92%
Bramkarz Courtois
90%
Obrońca Vertonghen
84%
Obrońca Meunier
71%
Pomocnik Witsel
71%
Bramkarz Mignolet
69%
Obrońca Alderweireld
65%
Pomocnik Carrasco
58%
Pomocnik Tielemans
55%
Napastnik Mertens
50%
Napastnik Doku
47%
Obrońca Vermaelen
45%
Napastnik Batshuayi
44%
Obrońca Boyata
44%
Obrońca Denayer
44%
Napastnik Benteke
40%
Pomocnik Chadli
39%
Obrońca Castagne
35%
Pomocnik Dendoncker
27%
Napastnik Trossard
27%
Pomocnik Vanaken
26%
Bramkarz Sels
21%
Pomocnik Praet
13%
Nie znaleziono quizów pasujących do podanych kryteriów
Rozkład punktacji
Procent ludzi z każdym wynikiem
Percentyl według liczby udzielonych odpowiedzi
Twoja historia wyników
Nie rozwiązałeś tego quizu